000 00896nms a22002417a 4500
003 NALT
005 20250818143832.0
006 a|||p|o|||| 00| 0
007 c| aa aaaaaaaa
008 220121b th ||||| |||| 00| 0 tha d
040 _aNALT
041 _atha
245 0 0 _aสารสนเทศ
246 3 1 _aJournal of Information
260 _aสำนักวิทยบริการและเทคโนโลยีสารสนเทศ มหาวิทยาลัยราชภัฏบ้านสมเด็จเจ้าพระยา
310 _aรายหกเดือน
500 _aวารสารอิเล็กทรอนิกส์
650 0 _931125
_aสารสนเทศ
850 _aNALT
856 4 0 _uhttps://so03.tci-thaijo.org/index.php/oarit/issue/archive
942 _cEJN
996 _ajintana.i
_bSERSTF
_c2025-08-18
999 _c98956
_d98956
998 _j755
_k นางจินตนา เอี่ยมคง